00830cam a22002653a 45000010005000000030006000050050017000110080041000280400015000690420007000840500007000911000037000982450082001352600029002175060030002465160020002766530053002966530014003496530019003636530070003826530022004526530021004748300028004958560041005231507PGUSA20140828083002.0981001s1998||||xxu|||||s|||||000 | eng d aPGUSAbeng adc 4aPR1 aShakespeare, William,d1564-161614aThe Tragedy of Titus Andronicush[electronic resource] /cWilliam Shakespeare bProject Gutenberg,c1998 aPublic domain in the USA. aElectronic text aAndronicus, Titus (Legendary character) -- Drama aTragedies aGoths -- Drama aRome -- History -- Germanic invasions, 3rd-6th centuries -- Drama aGenerals -- Drama aHistorical drama 0aProject Gutenbergv150740uhttp://www.gutenberg.org/ebooks/1507